• 首页
  • 本馆介绍
  • 公告通知
  • 最新文献
  • 馆藏检索
  • 电子资源
  • 读者导购
  • 参考咨询
  • 我的图书馆
  • 登录
  • 详细信息显示
  • 放入我的书架
  • 预约/预借图书
  • 作者相关作品
  • 分类相关作品
  • 丛书相关作品
  • 出版社相关作品

书目信息

  • 表格格式
  • 工作单格式
  • 卡片格式
题名:
作证
    
 
作者: 柳青 著
分册:  
出版信息: 北京   北京出版社  1980
页数: 358页
开本: 19cm
丛书名:
单 册:
中图分类: I135
科图分类:
主题词: 戏剧文学--作品集--世界
电子资源:
ISBN:
000 00611nam0 2200241 45
001 0180008096
005 20040416085834.8
010    @dCNY0.88
091    @a10031.302
100    @a19950509d1980 em y0chiy0121 ea
101 0  @achi
102    @aCN@b110000
105    @ay z 000by
106    @ar
200 10 @a作证@Azuo zheng@e电影文学剧本选@f柳青著
210    @a北京@c北京出版社@d1980
215    @a358页@d19cm
606 0  @a戏剧文学@x作品集@x世界
690    @aI135@v3
701  0 @a柳青@Aliu qing@4著
801  0 @aCN@b上海图书馆@c20040312
801  2 @aCN@bNLC@c20040312
905    @dI135@e21@f2@b39484-485
    
    作证:电影文学剧本选/柳青著.-北京:北京出版社,1980
    358页;19cm
    
    
    ISBN :CNY0.88
    
●
相关链接 在E读中查询图书 在五车中查询图书 在当当中查询图书 在豆瓣中查询图书


正题名:作证     索取号:I135/21         预约/预借

序号 登录号 条形码 馆藏地/架位号 状态 备注
1 0039482   001896498   密集书库/ [索取号:I135/21] 在馆    
2 0039484   000053300   第二借阅区/ [索取号:I135/21] 在馆    
3 0039485   000053319   密集书库/ [索取号:I135/21] 在馆    
4 0039486   000053293   第一样本阅览室/ [索取号:I135/21] 在馆    
唐山师范学院图书馆 欢迎您!
大连网信软件有限公司© 版权所有